|
|
|
|
| LEADER |
00735cam a2200205 7i4500 |
| 001 |
0000002185 |
| 005 |
20191017090000.0 |
| 008 |
100322 eng |
| 020 |
|
|
|a 9780849302435 (hbk.)
|
| 020 |
|
|
|a 0849302439 (hbk.)
|
| 090 |
0 |
0 |
|a TA347.F5
|b D47 2001
|
| 100 |
1 |
|
|a Desai, Chandrakant S
|
| 245 |
1 |
0 |
|a Introductory finite element method
|c Chandrakant S. Desai, Tribikram Kundu.
|
| 260 |
|
|
|a Boca Raton:
|b CRC Press,
|c 2001.
|
| 300 |
|
|
|a 496 p.;
|c 24 cm.
|
| 504 |
|
|
|a Includes bibliographical references and index
|
| 650 |
0 |
0 |
|a Finite element method
|
| 700 |
1 |
|
|a Kundu, Tribikram
|
| 997 |
|
|
|a Engineering & Life Sciences, Faculty
|b Engineering, Department
|
| 999 |
|
|
|a 0000002650
|b BOK
|c OPEN SHELF
|e 2nd Floor, Bestari Jaya
|